| 000 | 00693nam a2200229Ia 4500 | ||
|---|---|---|---|
| 003 | GCL | ||
| 005 | 20240530105330.0 | ||
| 008 | 140319s9999 xx 000 0 ara d | ||
| 040 |
_aGCL / _cGCL |
||
| 082 | 0 | 4 |
_a346.01 _bم م |
| 100 | 1 | _aمعوض عبدالتواب | |
| 245 | 1 | 0 |
_aموسوعة الاحوال الشخصية / _cمعوض عبدالتواب |
| 260 |
_a[S.N] : _bدار الوفاء للطباعة والنشر والتوزيع ، _c1990 |
||
| 300 | _a2 مجلد | ||
| 650 | 0 | 4 | _aالقانون |
| 650 | 0 | 4 | _aالاحوال الشخصية |
| 650 | 0 | 4 | _aالزواج |
| 650 | 0 | 4 | _aالنفقات |
| 650 | 0 | 4 | _aالتركات |
| 650 | 0 | 4 | _aالعدة |
| 942 |
_2ddc _cBK |
||
| 999 |
_c55009 _d55009 |
||